00362cam a22001097a 4500008004000000082001500040245009800055250001400153260004300167300000900210700003300219180718b1957 xxu||||| |||| 00| 0 eng d aG5x54 In2d aDirections by the speaker under the rules of procedure of Lok Sabhacby Lok Sabha Secretariat a2nd. edn. aNew DelhibLok Sabha Secretariatc1957 a94+p aIndia. Lok Sabha Secretariat